| 000 | 00643nam a2200217 i 4500 | ||
|---|---|---|---|
| 001 | 44950 | ||
| 003 | ES-MaACL | ||
| 005 | 20230906161126.0 | ||
| 007 | t| | ||
| 008 | 030324s1985 sp ||||1| spa d | ||
| 020 | _a84-7294-187-6 | ||
| 245 | 0 | 0 |
_aCódigo procesal civil internacional / _c[recopilación], Francisco Ramos Méndez. |
| 260 |
_aBarcelona : _bBosch, _c1985. |
||
| 300 |
_aXX, 952 p. ; _c25 cm. |
||
| 490 | 1 |
_aBiblioteca procesal ; _v21 |
|
| 500 | _aIndice. | ||
| 700 | 0 |
_aRamos Méndez, Francisco. _995337 |
|
| 830 | 0 |
_aBiblioteca procesal ; _v21 _9186611 |
|
| 852 |
_aES-MaACL _jL-8911 _bR.110757 |
||
| 999 |
_c44950 _d44950 |
||